[Event "Budapest Spring Festival 2019"]
[Site "Budapest"]
[Date "2019.04.09"]
[Round "1.27"]
[White "Lizak, Peter"]
[Black "Louis, Thibault"]
[Result "1-0"]
[WhiteElo "2472"]
[BlackElo "2251"]
[Annotator "ChessBase"]
[PlyCount "53"]
[EventDate "2019.04.09"]
[EventType "swiss"]
[EventCountry "HUN"]
[SourceTitle "playchess.com"]
[Source "ChessBase"]
[SourceQuality "1"]
[TimeControl "40/5400+30:1800+30"]

1. d4 {[%emt 0:00:03]} Nf6 {[%emt 0:00:11]} 2. Nc3 {[%emt 0:00:07]} d5 {[%emt 0:00:54]} 3. Bf4 {[%emt 0:00:06]} e6 {[%emt 0:02:00]} 4. Nb5 {[%emt 0:00:07]} Na6 {[%emt 0:02:28]} 5. a3 {[%emt 0:00:07]} c6 {[%emt 0:09:26]} 6. Nc3 {[%emt 0:00:09]} Be7 {[%emt 0:02:29]} 7. e3 {[%emt 0:01:08]} O-O {[%emt 0:02:21]} 8. h4 {[%emt 0:02:35]} c5 {[%emt 0:03:31]} 9. Nf3 {[%emt 0:00:34]} Bd7 {[%emt 0:06:34]} 10. Ne5 {[%emt 0:01:03]} Rc8 {[%emt 0:02:59]} 11. g4 {[%emt 0:08:22]} Ne8 {[%emt 0:10:18]} 12. g5 {[%emt 0:13:05]} Nd6 {[%emt 0:04:09]} 13. Bh3 {[%emt 0:09:09]} cxd4 {[%emt 0:08:04]} 14. exd4 {[%emt 0:04:43]} Nc4 {[%emt 0:00:30]} 15. Nxc4 {[%emt 0:05:50]} Rxc4 {[%emt 0:01:29]} 16. Bf1 {[%emt 0:02:10]} Rc8 {[%emt 0:02:44]} 17. Bd3 {[%emt 0:00:21]} Qb6 {[%emt 0:03:51]} 18. Rb1 {[%emt 0:01:05]} Nc7 {[%emt 0:01:14]} 19. Be5 {[%emt 0:07:15]} Bd6 {[%emt 0:07:25]} 20. Bxh7+ {[%emt 0:06:18]} Kxh7 {[%emt 0:00:04]} 21. Qh5+ {[%emt 0:00:11]} Kg8 {[%emt 0:00:04]} 22. Bxg7 {[%emt 0:00:10]} f5 {[%emt 0:02:27]} 23. Bf6 {[%emt 0:03:10]} Rxf6 {[%emt 0:06:02]} 24. gxf6 {[%emt 0:00:07]} Kf8 {[%emt 0:00:20]} 25. Rg1 {[%emt 0:01:14]} Ne8 {[%emt 0:00:18]} 26. Qh6+ {[%emt 0:00:26]} Kf7 {[%emt 0:00:08]} 27. Qg6+ {[%emt 0:00:05]} 1-0

[Event "Budapest Spring Festival 2019"]
[Site "Budapest"]
[Date "2019.04.09"]
[Round "1.28"]
[White "Karacsonyi, Gellert"]
[Black "Henderson de La Fuente, Lance"]
[Result "1-0"]
[WhiteElo "2279"]
[BlackElo "2471"]
[Annotator "TA"]
[PlyCount "61"]
[EventDate "2019.04.09"]
[EventType "swiss"]
[EventCountry "HUN"]
[SourceTitle "playchess.com"]
[Source "ChessBase"]
[SourceQuality "1"]

{[%evp 19,61,46,46,29,16,41,26,6,37,22,22,40,65,0,129,144,143,93,112,121,112,106,157,-16,609,597,883,889,877,847,834,475,993,997,980,953,1200,1022,5029,5029,5017,5017,1753,1659]} 1. e4 c5 2. Nf3 e6 3. d4 cxd4 4. Nxd4 Nc6 5. Nc3 Qc7 6. Be3 a6 7. a3 Nf6 8. f4 d6 9. Qf3 Be7 10. O-O-O {B82: Sicilian Scheveningen: 6 f4} (10. Nxc6 bxc6 11. g4 Rb8 12. g5 Nd7 13. b3 d5 14. Bg2 h6 15. h4 hxg5 16. hxg5 Rxh1+ 17. Bxh1 Qa5 {1-0 (42) Sjugirov,S (2663)-Morozevich,A (2656) Khanty-Mansiysk 2018}) 10... O-O {LiveBook: 17 Games} 11. Nxc6 bxc6 12. g4 {[%cal Bg2g4,Bg4g5][%mdl 32] The position is equal.} Rb8 13. g5 Nd7 14. h4 d5 15. h5 Qa5 {And now ...Rxb2! would win.} 16. Nb1 (16. exd5 Rxb2 17. Rd3 Qxa3 $15) (16. Bf2 $14) 16... c5 $146 (16... Qc7 $1 $11) ({Predecessor:} 16... Nc5 17. b4 dxe4 18. Qf2 Rxb4 19. axb4 Qxb4 20. Rd4 Qa5 21. Qd2 Qc7 22. Rc4 Nb7 23. h6 g6 24. Qc3 {1-0 (24) Escalante Ramirez,B (2422)-Borges,G (2219) Montevideo 2018}) 17. exd5 $16 Bb7 18. h6 {Strongly threatening hxg7.} Bxd5 19. Rxd5 exd5 20. Bh3 $36 {[%mdl 2048] Black is under strong pressure.} Qb5 {[#]} (20... g6 $142) 21. hxg7 $2 (21. b3 $1 $16) 21... Rfd8 $2 {[%mdl 8192]} (21... Qxb2+ $11 22. Kd2 Rfd8 23. Bxd7 c4) 22. b3 $18 {Threatens to win with Qh5.White is clearly winning.} Kxg7 23. Qh5 Rh8 24. f5 Kf8 25. Bf4 {Hoping for f6.} Rb6 (25... Qb6 $142 26. Bg2 Rg8) 26. f6 Nxf6 27. gxf6 Bxf6 28. Qxd5 Qc6 29. Bh6+ Ke8 30. Re1+ Be7 {[#]} 31. Rxe7+ $1 {[%mdl 512] Precision: White = 55%, Black = 37%.} 1-0

[Event "Budapest Spring Festival 2019"]
[Site "Budapest"]
[Date "2019.04.09"]
[Round "1.29"]
[White "Abdumalik, Zhansaya"]
[Black "Vegh, Endre"]
[Result "1-0"]
[WhiteElo "2463"]
[BlackElo "2240"]
[Annotator "TA"]
[PlyCount "117"]
[EventDate "2019.04.09"]
[EventType "swiss"]
[EventCountry "HUN"]
[SourceTitle "playchess.com"]
[Source "ChessBase"]
[SourceQuality "1"]

{[%evp 11,117,58,100,100,91,87,84,64,64,41,69,-2,61,33,31,19,29,8,20,-23,-6,-12,0,-16,0,-20,0,-24,-24,-28,-12,-47,-41,-58,-47,-46,-20,-27,-22,-36,-43,-29,-15,-25,0,-10,37,0,0,0,31,31,29,13,50,10,27,0,0,0,0,0,54,29,31,23,23,6,15,0,31,0,0,0,38,20,38,38,38,38,38,0,0,0,7,0,0,7,19,0,2179,1833,5724,5683,5402,5090,5094,3129,6183,6187,5402,2111,5095,5177,2140,2140,1402,1195]} 1. e4 d6 2. d4 Nf6 3. Nc3 c6 4. Nf3 Bg4 5. h3 Bxf3 6. Qxf3 Nbd7 7. g4 {B07: Pirc Defence: Miscellaneous Systems} g6 8. Bf4 $146 ({Predecessor:} 8. g5 Nh5 9. Be3 Bg7 10. O-O-O Qa5 11. Kb1 O-O 12. h4 e6 13. Bh3 c5 14. dxc5 Bxc3 15. bxc3 {0-1 (34) Kristjansson,S (2485)-Baldursson,H (2149) Reykjavik 2016}) 8... e5 9. dxe5 {White is better.} dxe5 10. Bg5 Bg7 11. Rd1 (11. O-O-O $14) 11... Qc7 ({Better is} 11... Qe7 $11) 12. h4 h5 13. gxh5 Nxh5 14. Bh3 Ndf6 15. Ne2 O-O 16. Kf1 Rad8 17. Kg2 Qa5 18. a3 Qa4 19. Rc1 Rd6 20. Nc3 Qc4 21. b3 Qc5 22. Qe3 Qa5 23. Ne2 Qxa3 24. Ra1 Qb4 25. Ra4 Qb6 26. Rxa7 Qc7 27. Qf3 Re8 28. Rha1 c5 29. Ra8 {[#] Rxe8+ is the strong threat.} Rdd8 30. Rxd8 Rxd8 31. Bg4 Re8 32. Rd1 Qc6 33. Bxh5 (33. Bxf6 $5 Nxf6 34. Nc3 $14) 33... Nxh5 34. Nc3 Bf6 35. Nd5 Bxg5 36. hxg5 Kf8 ({Black should play} 36... Kg7 $11) 37. c4 Kg7 38. Rh1 Re6 39. Rh4 Qd6 40. Qc3 Kg8 41. Qe3 Qd8 42. Rg4 b6 43. Kh2 Qd6 44. Qf3 Qd8 45. Rg1 Kg7 46. Qg4 Re8 47. Rd1 Rh8 48. Kg2 $36 {[%mdl 2048] White has the initiative.} Qd6 49. Kg1 Qb8 50. Qf3 Nf4 $2 {[%mdl 8192]} (50... Qd8 $11) 51. Nxf4 $18 {Ne6+! would kill now.White is clearly winning.} exf4 {[%mdl 4096] Endgame KQR-KQR} 52. Qc3+ Kh7 53. Rd3 {White threatens Rh3+ and mate.} f3 54. Qf6 {[%cal Rf6f7][%mdl 64] Double Attack} Qc7 55. Rxf3 Kg8 {[#]} 56. Rd3 $1 {[%cal Rd3d8]} Qh2+ 57. Kf1 {Threatening mate with Rd8+.} Qh1+ 58. Ke2 {Intending Rd8+ and mate.} Qxe4+ 59. Kd2 {Accuracy: White = 43%, Black = 43%.} 1-0

[Event "Budapest Spring Festival 2019"]
[Site "Budapest"]
[Date "2019.04.09"]
[Round "1.30"]
[White "Bodi, Tibor"]
[Black "Torma, Robert"]
[Result "1/2-1/2"]
[WhiteElo "2240"]
[BlackElo "2463"]
[Annotator "TA"]
[PlyCount "111"]
[EventDate "2019.04.09"]
[EventType "swiss"]
[EventCountry "HUN"]
[SourceTitle "playchess.com"]
[Source "ChessBase"]
[SourceQuality "1"]

{[%evp 10,111,14,12,37,18,33,36,42,40,49,4,42,28,63,49,55,50,62,54,64,27,24,22,171,182,184,178,243,73,386,89,289,24,26,31,171,125,218,156,140,70,91,91,91,91,89,71,108,73,73,72,72,65,73,36,36,36,39,39,46,45,46,48,52,18,19,20,57,58,59,66,71,68,61,68,87,52,223,183,154,75,75,75,75,59,75,124,148,148,143,75,75,50,41,16,34,52,52,52,52,57,57,22]} 1. Nf3 d5 2. b3 Nf6 3. Bb2 c5 4. e3 e6 5. d4 Nc6 6. Nbd2 Qb6 {D05: Colle System with ...e6} (6... Bd6 7. a3 O-O 8. dxc5 Bxc5 9. b4 Bb6 10. c4 a6 11. Be2 Qe7 12. O-O Bc7 13. Rc1 dxc4 14. Bxc4 e5 15. e4 {0-1 (72) Antoniewski,R (2521)-Piorun,K (2631) Poland 2018}) 7. Be2 Be7 8. O-O O-O 9. c4 $146 ({Predecessor:} 9. Rc1 c4 10. Ba1 Ba3 11. Rb1 Qc7 12. bxc4 dxc4 13. Nxc4 Be7 14. Bd3 {1-0 (51) Ayllon Barranco,M (1849)-Fontela Hidalgo,V (1794) Barcelona 2014}) 9... Rd8 10. Qc1 Ne4 11. Rd1 cxd4 12. Nxe4 dxe4 13. Nxd4 Bd7 14. Qc2 Nxd4 15. Rxd4 Bc6 16. Rad1 f6 (16... Rxd4 $11 17. Bxd4 Qa5) 17. c5 $1 $18 {[%cal Rc5b6]} Qc7 18. Bc4 Kf7 (18... Bf8 $142 19. Bxe6+ Kh8) 19. b4 $2 (19. Qe2 $18 {and the rest is easy.} g6 20. b4 Rxd4 21. Bxd4 (21. Rxd4 Rd8 $14)) 19... b5 $2 {[%mdl 8192] [#]} (19... Rxd4 $16 {is tougher.} 20. Rxd4 (20. Bxd4 Bd5 $14) 20... Rd8) 20. Bb3 $2 (20. Bxe6+ $1 $18 {[%mdl 512]} Kxe6 21. Qb3+ Kf5 22. Qf7) 20... a5 $2 {[#]} (20... Rxd4 $16 21. Rxd4 Rd8) 21. a3 $2 ({White has to play} 21. Bxe6+ $1 $18 {[%mdl 512]} Kxe6 22. Qb3+ Kf5 23. Qf7 Rxd4 24. exd4 axb4 25. Qh5+ g5 26. d5 Bxd5 {[%mdl 64] Remove Defender} 27. Rxd5+ (27. Qxh7+ Ke6 $14) 27... Ke6 28. Rd4 (28. Qxh7 Kxd5 29. Qf5+ {[%mdl 64] Double Attack} Kc6 $11)) 21... Rxd4 22. Rxd4 axb4 (22... a4 $14 23. Ba2 Rd8) 23. axb4 Qb7 (23... Rd8 $16) 24. Qe2 {aiming for Qh5+.} g6 25. Rd1 ({White should try} 25. Qg4 $1 $16 {[%cal Rg4e6]} Bd5 26. Bxd5 exd5 27. Qd1) 25... Bd5 26. Bxd5 exd5 27. Qc2 Qc6 28. Qb3 Rd8 29. Qa2 Ra8 30. Qxd5+ Qxd5 31. Rxd5 $16 {[%mdl 4096] Endgame KRB-KRB} Ra4 32. Bc3 Ra3 33. Be1 $1 Ra1 {[%cal Ra1e1]} 34. Kf1 f5 35. Ke2 Ke6 36. Rd2 Bf6 37. Rc2 Kd7 38. f3 Kc6 39. fxe4 fxe4 40. Rd2 {Strongly threatening Rd6+.} Be5 41. Bg3 Bxg3 42. hxg3 $14 {KR-KR} Rg1 43. Kf2 Rc1 $2 (43... Rb1 $1 $14) 44. Rd6+ Kc7 45. Rd4 ({Better is} 45. g4) 45... Rc2+ $16 46. Kg1 Rc1+ 47. Kh2 Rc4 {[#]} 48. g4 $1 Rc3 ({Don't go for} 48... Rxd4 $2 49. exd4 Kc6 50. g5 $18) 49. Rxe4 Rc4 {[#]} 50. Rd4 $1 {Threatens to win with Kg1.} Rc3 51. Rf4 Rxe3 52. Rf7+ Kc6 53. Rxh7 {White is slightly better.} Rb3 54. Rh6 Rxb4 55. Rxg6+ Kxc5 56. Rg8 {Accuracy: White = 48%, Black = 43%.} 1/2-1/2

[Event "Budapest Spring Festival 2019"]
[Site "Budapest"]
[Date "2019.04.09"]
[Round "1.31"]
[White "Ankit, R. Rajpara"]
[Black "Losonczi, Marcell"]
[Result "1/2-1/2"]
[WhiteElo "2462"]
[BlackElo "2238"]
[Annotator "TA"]
[PlyCount "109"]
[EventDate "2019.04.09"]
[EventType "swiss"]
[EventCountry "HUN"]
[SourceTitle "playchess.com"]
[Source "ChessBase"]
[SourceQuality "1"]

{[%evp 22,109,51,45,56,53,60,-8,-17,0,23,16,3,13,21,26,45,28,67,50,40,33,41,53,38,41,81,68,160,117,137,122,172,0,0,0,0,0,0,0,0,-120,-119,-128,-5,-5,-5,-62,-62,-63,-61,-82,-25,-25,-12,-93,-93,-103,-90,-93,-93,-91,-79,-95,-95,-66,-33,-33,-2,-47,0,0,0,0,0,0,0,0,0,0,0,0,0,0,0,0,0,0,0,0]} 1. d4 Nf6 2. c4 d6 3. Nf3 g6 4. g3 Bg7 5. Bg2 O-O 6. O-O Nbd7 7. Nc3 e5 8. e4 exd4 9. Nxd4 Re8 10. h3 a6 11. Qc2 Rb8 12. Rd1 Nc5 {E68: King's Indian: Fianchetto: 6...Nbd7 7 0-0 e5 8 e4} (12... c6 13. Bf4 Ne5 14. c5 Bf8 15. cxd6 Bxd6 16. Bxe5 Rxe5 17. Nf3 Qe7 18. Nxe5 Bxe5 19. Ne2 Be6 20. Rac1 {1-0 (35) Kovalenko,I (2700)-Maze,S (2582) Berlin 2015}) 13. b4 Ne6 14. Nxe6 $146 ({White should try} 14. Be3 $14) ({Predecessor:} 14. Nb3 Qe7 15. a4 h6 16. Kh2 Ng5 17. Bb2 {1-0 (42) Buckels,V (2332)-Milort,G (1948) Leiden 2017}) 14... Bxe6 $11 15. c5 Nd7 16. Be3 dxc5 17. Bxc5 Qg5 18. Be3 Qe7 19. Rab1 Be5 20. Nd5 (20. f4 $5 {[%cal Rf4e5]} Bd6 21. a3 $16) 20... Bxd5 $1 21. Rxd5 Nf6 22. Rdd1 {Black must now prevent f4.} Bd6 {[%cal Rf6e4]} 23. Bd4 Nd7 24. a3 c5 (24... c6 $14) 25. Ba1 {Threatens to win with Qd3.} Rbd8 {[%cal Rc5b4]} 26. bxc5 Nxc5 {[#]} 27. e5 $2 (27. Rd5 $1 $18 Ne6 28. Rb6) 27... Bxe5 28. Re1 Qc7 $1 29. Rxe5 Rxe5 30. Qc3 $1 {[%cal Rc3e5]} f6 $1 {Strongly threatening ...Qd6.} 31. Rxb7 (31. Qc4+ $11 Qf7 32. Qxf7+ Kxf7 33. Bxe5 fxe5 34. Bxb7) 31... Qd6 $17 32. Rb1 Re2 (32... Re6 $17 33. h4 Qd3) 33. Bf1 $11 Rd2 34. Qxf6 (34. Rc1 $1 $11 Nd7 35. Qb3+ Kg7 36. Bc3) 34... Qxf6 $15 35. Bxf6 Rd1 36. Rb4 Re8 (36... R8d5 $17) 37. Kg2 $11 Nd3 38. Bxd3 (38. Rb6 $11 {keeps the balance.}) 38... Rxd3 {[%mdl 4096] Endgame KRR-KRB} 39. a4 Kf7 40. Bg5 Rd7 41. Be3 Re6 42. a5 Rd5 43. Bb6 Rb5 44. Rc4 h5 (44... Rbe5 {is interesting.} 45. Rh4 Kg8 46. Rd4 Re8 47. Rd7 R5e7) 45. Kf3 Rbxb6 (45... Rbe5 {feels hotter.} 46. Kg2 Re8 47. Rc7+ R5e7 48. Rc6 Rd7) 46. axb6 {The position is equal.} Rxb6 $15 {KR-KR} 47. Rc7+ Kf6 48. Ra7 Ke5 49. Ra8 Rb3+ 50. Kg2 Rb6 51. h4 Kd4 52. g4 hxg4 53. Kg3 Kc3 54. Kxg4 Kb4 55. f4 {Accuracy: White = 57%, Black = 40%.} 1/2-1/2

[Event "Budapest Spring Festival 2019"]
[Site "Budapest"]
[Date "2019.04.09"]
[Round "1.32"]
[White "Borhy, Marcell"]
[Black "Gorodetzky, David"]
[Result "1/2-1/2"]
[WhiteElo "2237"]
[BlackElo "2461"]
[Annotator "TA"]
[PlyCount "66"]
[EventDate "2019.04.09"]
[EventType "swiss"]
[EventCountry "HUN"]
[SourceTitle "playchess.com"]
[Source "ChessBase"]
[SourceQuality "1"]

{[%evp 13,66,21,31,4,22,21,27,27,12,26,20,-21,0,-68,0,0,0,-29,6,-107,-105,-95,-17,-34,0,-7,0,-6,-7,0,0,0,0,4,19,10,18,0,0,0,0,0,27,-1,26,0,8,8,8,6,4,5,4,0,33]} 1. d4 Nf6 2. c4 e6 3. g3 d5 4. Nf3 dxc4 5. Bg2 a6 6. Ne5 c5 7. Be3 Nd5 8. dxc5 {E04: Open Catalan: 5 Nf3} (8. Nc3 Nxe3 9. fxe3 Nd7 10. Nxc4 Be7 11. dxc5 Bxc5 12. Nd6+ Bxd6 13. Qxd6 Qe7 14. Qd4 Nf6 15. O-O O-O {½-½ (64) Onischuk,A (2681)-Bruzon Batista,L (2673) Saint Louis 2018}) 8... Qc7 9. Bd4 Bxc5 10. Nc3 {White has an edge.} Nxc3 11. Bxc3 O-O 12. e3 Ra7 $146 ({Predecessor:} 12... Be7 13. Qg4 Bf6 14. Qe4 Nd7 15. Nxd7 Bxc3+ 16. bxc3 Qxd7 {½-½ (16) Bernstein,D (2360)-Schweber,S (2425) Valetta 1980}) 13. Qg4 ({White should try} 13. Nxc4 $11 b5 14. Ne5) 13... f6 ({Better is} 13... b5 $1 $15 14. Nd7 e5 15. Nf6+ (15. Bxe5 Qxe5 16. Nxe5 Bxg4 $17) 15... Kh8) 14. Nxc4 $11 b5 15. Nd2 e5 16. Bd5+ (16. Qe2 $11) 16... Kh8 $17 17. Qe4 Rd8 (17... a5 $17 {...b4 is the strong threat.} 18. a3 Na6) 18. Nb3 $11 Qd6 19. Nxc5 {[#] Hoping for Ba5.} Qxc5 20. Rd1 Rad7 {Strongly threatening ...Bb7.} 21. Bb3 Qc7 22. Rxd7 Nxd7 23. Bc2 {[%csl Gc2][%cal Re4h7] [#]} Nf8 24. O-O Bb7 25. Qb4 Ne6 26. h4 Qc6 {[%csl Gb7][%cal Rc6h1]} 27. f3 Qc7 28. Qg4 Bc8 29. Bf5 (29. Qe4 $5 {[%cal Re4h7]} g6 30. Qb4 $11) 29... Nf8 {The position is equal.} 30. Bxc8 Rxc8 31. Rd1 Rd8 32. Rxd8 Qxd8 33. Kf2 Qd7 {Accuracy: White = 52%, Black = 34%.} 1/2-1/2

[Event "Budapest Spring Festival 2019"]
[Site "Budapest"]
[Date "2019.04.09"]
[Round "1.33"]
[White "Asadli, Vugar"]
[Black "Borsos, Bogdan"]
[Result "1-0"]
[WhiteElo "2454"]
[BlackElo "2234"]
[Annotator "ChessBase"]
[PlyCount "65"]
[EventDate "2019.04.09"]
[EventType "swiss"]
[EventCountry "HUN"]
[SourceTitle "playchess.com"]
[Source "ChessBase"]
[SourceQuality "1"]
[TimeControl "40/5400+30:1800+30"]

1. e4 {[%emt 0:00:03]} e5 {[%emt 0:01:25]} 2. Nf3 {[%emt 0:00:48]} Nc6 {[%emt 0:00:06]} 3. Bb5 {[%emt 0:00:04]} Nf6 {[%emt 0:00:06]} 4. d3 {[%emt 0:01:43]} Bc5 {[%emt 0:00:15]} 5. O-O {[%emt 0:00:47]} Nd4 {[%emt 0:00:22]} 6. Nxd4 {[%emt 0:01:03]} Bxd4 {[%emt 0:00:06]} 7. Nd2 {[%emt 0:01:12]} c6 {[%emt 0:00:16]} 8. Ba4 {[%emt 0:02:37]} Bb6 {[%emt 0:01:26]} 9. Bb3 {[%emt 0:04:33]} O-O {[%emt 0:01:24]} 10. Nc4 {[%emt 0:00:12]} Bc7 {[%emt 0:00:21]} 11. Bg5 {[%emt 0:01:14]} h6 {[%emt 0:00:16]} 12. Bh4 {[%emt 0:00:18]} g5 {[%emt 0:04:11]} 13. Bg3 {[%emt 0:01:02]} d6 {[%emt 0:00:06]} 14. c3 {[%emt 0:07:54]} Kg7 {[%emt 0:03:20]} 15. Bc2 {[%emt 0:09:29]} Bg4 {[%emt 0:03:09]} 16. Qd2 {[%emt 0:08:46]} Nh5 {[%emt 0:01:31]} 17. d4 {[%emt 0:08:13]} Qe7 {[%emt 0:00:30]} 18. Rfe1 {[%emt 0:08:01]} Qf6 {[%emt 0:07:24]} 19. Bd1 {[%emt 0:05:59]} Bxd1 {[%emt 0:00:53]} 20. Raxd1 {[%emt 0:02:03]} Rad8 {[%emt 0:01:08]} 21. Ne3 {[%emt 0:03:50]} Kh8 {[%emt 0:01:53]} 22. Qc2 {[%emt 0:05:08]} Nf4 {[%emt 0:05:28]} 23. Qb3 {[%emt 0:04:10]} Bb6 {[%emt 0:00:37]} 24. Nc4 {[%emt 0:04:32]} Qe6 {[%emt 0:00:38]} 25. Qb4 {[%emt 0:03:08]} c5 {[%emt 0:00:40]} 26. Qb5 {[%emt 0:00:40]} cxd4 {[%emt 0:03:38]} 27. Nxb6 {[%emt 0:00:08]} axb6 {[%emt 0:00:07]} 28. cxd4 {[%emt 0:00:03]} Ng6 {[%emt 0:01:54]} 29. Qxb6 {[%emt 0:01:06]} Rc8 {[%emt 0:06:48]} 30. dxe5 {[%emt 0:01:20]} dxe5 {[%emt 0:00:23]} 31. Rd6 {[%emt 0:00:36]} Qe7 {[%emt 0:01:02]} 32. Red1 {[%emt 0:00:17]} Qc7 {[%emt 0:01:06]} 33. Qxc7 {[%emt 0:00:12]} 1-0

[Event "Budapest Spring Festival 2019"]
[Site "Budapest"]
[Date "2019.04.09"]
[Round "1.34"]
[White "Kiss, Balint"]
[Black "Arjun Kalyan"]
[Result "0-1"]
[WhiteElo "2234"]
[BlackElo "2445"]
[Annotator "TA"]
[PlyCount "60"]
[EventDate "2019.04.09"]
[EventType "swiss"]
[EventCountry "HUN"]
[SourceTitle "playchess.com"]
[Source "ChessBase"]
[SourceQuality "1"]

{[%evp 14,60,2,0,4,-18,17,0,0,-20,-20,-24,-24,-29,-16,-60,-43,-90,-68,-58,-66,-61,-77,-135,-136,-154,-134,-136,-127,-155,-148,-158,-142,-302,-297,-312,-250,-414,-273,-727,-724,-950,-945,-921,-912,-857,-345,-1493,-1158]} 1. e4 e5 2. Nf3 Nc6 3. d4 exd4 4. Nxd4 Nf6 5. Nc3 Bc5 6. Nxc6 bxc6 7. Bd3 O-O 8. O-O Re8 {C47: Scotch Four Knights and Four Knights with 4 g3} 9. h3 (9. Bg5 h6 10. Bh4 Rb8 11. Kh1 d5 12. exd5 cxd5 13. Nxd5 Qxd5 14. Bxf6 Bb7 15. Qg4 Qxg2+ 16. Qxg2 Bxg2+ 17. Kxg2 gxf6 18. b3 {1-0 (64) Artemiev,V (2691)-Mamedyarov,S (2799) Moscow 2017}) 9... Rb8 10. Qf3 Bd4 {The position is equal.} 11. Ne2 $146 ({Predecessor:} 11. Be3 Be5 12. Rab1 a5 13. Bf4 Qe7 14. Bxe5 Qxe5 15. Qe3 d5 16. f4 {1-0 (44) Kosintseva,N (2523)-Berczes,D (2522) Dallas 2013}) 11... Be5 12. Rb1 d5 13. exd5 cxd5 14. b3 Bb7 15. Qf5 c5 {Hoping for ...Bc8.} 16. Bf4 Bc8 17. Qg5 h6 $36 {[%mdl 2048] Black is really pushing.} 18. Qh4 ({White should try} 18. Qg3 Nh5 19. Qf3 Nxf4 20. Nxf4) 18... g5 $17 19. Bxg5 hxg5 20. Qxg5+ Kf8 21. f4 Bc7 22. Ng3 Ng8 {[#] White must now prevent ...Qxg5.} 23. Qh5 $2 (23. Nh5 $17 {was necessary.} Be5 24. Kh1) 23... Rb6 $19 24. Rbd1 Re3 25. Rf3 $2 (25. Nf5 Bxf5 26. Bxf5) 25... Qe7 {Strongly threatening ...c4!} 26. Bf5 $2 (26. Kh1) 26... Rh6 27. Qg5 Rxf3 28. gxf3 Qe3+ 29. Kg2 Bxf5 {[#]} (29... Be6 $142 30. Rf1 Bxf4) 30. Qxf5 $2 (30. Qg7+ $1 {[%mdl 512]} Kxg7 31. Nxf5+ Kg6 32. Nxe3) 30... Rg6 {Accuracy: White = 16%, Black = 88%.} 0-1

[Event "Budapest Spring Festival 2019"]
[Site "Budapest"]
[Date "2019.04.09"]
[Round "1.35"]
[White "Erenberg, Ariel"]
[Black "Bohus, Adam"]
[Result "1-0"]
[WhiteElo "2437"]
[BlackElo "2227"]
[Annotator "TA"]
[PlyCount "61"]
[EventDate "2019.04.09"]
[EventType "swiss"]
[EventCountry "HUN"]
[SourceTitle "playchess.com"]
[Source "ChessBase"]
[SourceQuality "1"]

{[%evp 9,61,12,50,49,47,30,42,34,62,39,43,-5,64,-15,22,16,95,87,92,108,105,102,112,118,141,153,138,138,133,139,471,436,623,615,922,914,5143,5135,4886,3079,1544,962,1499,1143,5143,5143,29973,29974,29976,29975,29971,29968,29993,29994]} 1. d4 d5 2. c4 dxc4 3. e4 b5 4. a4 c6 5. Nc3 a6 (5... b4 $5 {[%cal Rb4c3]} 6. Nce2 e6 $11) 6. axb5 {D20: Queen's Gambit Accepted: 3 e3 and 3 e4} cxb5 {[#]} 7. Nxb5 $1 {[%mdl 512]} axb5 8. Rxa8 {White is slightly better.} Bb7 9. Ra2 {Strongly threatening b3.} e6 10. Be2 $146 ({Predecessor:} 10. Ne2 Bxe4 11. b3 Nf6 12. bxc4 bxc4 {½-½ (45) Ding,L (2766)-Ponomariov,R (2712) Huaian 2016}) 10... Nf6 (10... Bxe4 $11 11. Nf3 Bb4+ 12. Bd2 Nc6) 11. Nf3 (11. f3 $14) 11... Bxe4 12. O-O {With the idea b3.} Bd6 {[#]} (12... Nc6 $11) 13. b3 $1 $36 {[%mdl 2048] White is on the roll.} O-O 14. bxc4 bxc4 15. Bxc4 Bxf3 16. Qxf3 Bxh2+ {[%mdl 64] Decoy} 17. Kxh2 Qc7+ 18. Kg1 Qxc4 19. Ra8 Nbd7 $2 {[%mdl 8192]} (19... Qxd4 $16 {is more resistant.} 20. Ba3 Re8) 20. Ba3 $18 Re8 (20... h6 $142 21. Bxf8 Nxf8) 21. Rc1 Qb5 22. Rcc8 Nb6 23. Rxe8+ Nxe8 {[#]} 24. Qb3 $1 {[%mdl 512]} Qc6 (24... Qxb3 25. Rxe8#) 25. Ra6 Qe4 26. Rxb6 Qe1+ 27. Kh2 Qxf2 28. Rb8 {[%cal Rb8e8] White mates.} Qh4+ 29. Qh3 {[%cal Rb8e8]} Qf4+ 30. Qg3 {[%cal Rb8e8]} Qh6+ 31. Kg1 {Accuracy: White = 78%, Black = 19%.} 1-0

[Event "Budapest Spring Festival 2019"]
[Site "Budapest"]
[Date "2019.04.09"]
[Round "1.36"]
[White "Muetsch, Annmarie"]
[Black "Raja Harshit"]
[Result "0-1"]
[WhiteElo "2223"]
[BlackElo "2432"]
[Annotator "TA"]
[PlyCount "42"]
[EventDate "2019.04.09"]
[EventType "swiss"]
[EventCountry "HUN"]
[SourceTitle "playchess.com"]
[Source "ChessBase"]
[SourceQuality "1"]

{[%evp 9,42,8,8,6,24,20,30,18,33,30,65,37,52,-21,73,58,78,-80,-90,-87,-46,-64,-65,-99,-51,-107,-114,-114,-119,-759,-756,-769,-763,-751,-748]} 1. e4 c5 2. Nc3 d6 3. d4 cxd4 4. Qxd4 Nc6 5. Qd2 g6 6. b3 {B23: Closed Sicilian: Lines without g3} Bg7 7. Bb2 Nf6 8. f3 {White has an edge.} O-O 9. O-O-O $1 a5 10. g4 Bd7 11. Nge2 $146 (11. Kb1 $14) ({Predecessor:} 11. Kb1) 11... Rc8 (11... a4 $1 $11 {remains equal.}) 12. Kb1 $16 a4 13. Nd5 $2 ({Much weaker is} 13. bxa4 Qb6 $11) (13. Nxa4 $16 b5 14. Nac3) 13... Nxd5 $17 14. Bxg7 Kxg7 15. exd5 Ne5 16. Bg2 Qb6 17. Rhe1 (17. Qd4 $1 $15 Qc7 18. Rd2) 17... axb3 18. cxb3 Bb5 19. Nc3 $2 {[%mdl 8192]} (19. Qd4 $17 Qc5 20. Qxc5 Rxc5 21. Nd4) 19... Bd3+ $19 {Black is clearly winning.} 20. Ka1 {[#]} Rxc3 $1 {[%mdl 576] Clearance} 21. Qxc3 {[#]} Rc8 $3 {[%mdl 512] Accuracy: White = 32%, Black = 46%.} 0-1